000
00215 a2200097 4500
001
1720
100
_a
Hawley, F.L.
245
_a
Introductory designs for the wood work
260
_a
_b
Murray
_c
090
_c
1257
_d
1257
942
_a
NUST-CAE
_c
M
_c
2858
999
_c
236793
_d
236793